Normal view
MARC view
Entry Personal Name
001 - CONTROL NUMBER
- control field: 924
003 - CONTROL NUMBER IDENTIFIER
- control field: ARRUPE
005 - DATE AND TIME OF LATEST TRANSACTION
- control field: 20130924130256.0
008 - FIXED-LENGTH DATA ELEMENTS
- fixed length control field: 130924|| aca||aabn | a|a d
040 ## - CATALOGING SOURCE
- Original cataloging agency: ARRUPE
- Transcribing agency: ARRUPE
100 ## - HEADING--PERSONAL NAME
- Personal name: Robinson, John A. T.
- Fuller form of name: (John Arthur Thomas),
- Dates associated with a name: 1919-1983.
670 ## - SOURCE DATA FOUND
- Source citation: Work cat.: (ARRUPE)0: Kee, Alistair, 1937- 923, The roots of Christian freedom :, 1988.